| 000 | 00836nam a2200241Ia 4500 | ||
|---|---|---|---|
| 003 | GCL | ||
| 008 | 140319s9999 xx 000 0 ara d | ||
| 040 |
_aGCL / _cGCL |
||
| 082 | 0 | 4 |
_a526.9 _bم س |
| 100 | 1 | _aمحمد فريد يوسف | |
| 245 | 1 | 0 |
_aسلسة المساحة الهندسية / _cمحمد فريد يوسف |
| 260 |
_aبيروت : _bدار الراتب الجامعية |
||
| 300 |
_a5 مج فى 5 نسخ ؛ _c24 سم |
||
| 490 |
_aسلسلة المساحة الهندسية _v0 |
||
| 650 | 0 | 4 | _aالهندسة |
| 650 | 0 | 4 | _aالمساحة الطبوغرافية |
| 650 | 0 | 4 | _aالمساحة الجيوديسية |
| 650 | 0 | 4 | _aالمساحة الهندسية |
| 650 | 0 | 4 | _aالمساحة المستوية |
| 650 | 0 | 4 | _aالميزانية |
| 650 | 0 | 4 | _aالميزانية - الرقابة |
| 942 |
_2ddc _cBK |
||
| 999 |
_c52602 _d52602 |
||